| 000 | 00523pam a2200169 a 4500 | ||
|---|---|---|---|
| 020 | _a0080294413 (pbk.) : | ||
| 040 | _cDLC | ||
| 082 | 0 | 0 | _a428 PER 1983 A023 Or. |
| 100 | 1 | _aBaddock, Barry. | |
| 245 | 1 | 0 |
_aPress ahead : _ba teacher's guide to the use of newspapers in English language teaching / |
| 250 | _a1st ed. | ||
| 260 |
_aOxford [Oxfordshire] ; _aNew York : _bPergamon Press, _c1983. |
||
| 300 |
_axi, 103 p. : _bill. ; _c21 cm. |
||
| 650 | 0 | _aEnglish language | |
| 650 | 0 | _aNewspapers in education. | |
| 942 | _cEK | ||
| 999 |
_c13159 _d13159 |
||